Balocistān azla aur tareekhʻ : (Record no. 331827)

000 -LEADER
fixed length control field 01578cam a22003254a 4500
001 - CONTROL NUMBER
control field 15961434
003 - CONTROL NUMBER IDENTIFIER
control field NUST
005 - DATE AND TIME OF LATEST TRANSACTION
control field 20171027180634.0
008 - FIXED-LENGTH DATA ELEMENTS--GENERAL INFORMATION
fixed length control field 091027s2009 pk 000 0 urd
010 ## - LIBRARY OF CONGRESS CONTROL NUMBER
LC control number 2009361413
040 ## - CATALOGING SOURCE
Original cataloging agency DLC
Transcribing agency DLC
042 ## - AUTHENTICATION CODE
Authentication code lcode
043 ## - GEOGRAPHIC AREA CODE
Geographic area code a-pk---
050 00 - LIBRARY OF CONGRESS CALL NUMBER
Classification number DS392.B28
Item number A55 2009
066 ## - CHARACTER SETS PRESENT
Alternate G0 or G1 character set (3
-- (4
082 ## - DEWEY DECIMAL CLASSIFICATION NUMBER
Classification number 954.15
Author Mark HAS
100 1# - MAIN ENTRY--PERSONAL NAME
Linkage 880-01
Personal name Hassan, Usman M,
9 (RLIN) 5704
245 10 - TITLE STATEMENT
Linkage 880-02
Title Balocistān azla aur tareekhʻ :
Statement of responsibility, etc. by M Usman Hasan
260 ## - PUBLICATION, DISTRIBUTION, ETC.
Linkage 880-03
Place of publication, distribution, etc. Quetta :
Name of publisher, distributor, etc. Gosha adab
Date of publication, distribution, etc. 1987
300 ## - PHYSICAL DESCRIPTION
Extent 808 p. ;
Dimensions 22 cm.
520 ## - SUMMARY, ETC.
Summary, etc. Historical and geographical study of the districts of Balochistan, Pakistan.
546 ## - LANGUAGE NOTE
Language note In Urdu.
651 #0 - SUBJECT ADDED ENTRY--GEOGRAPHIC NAME
Geographic name Balochistān (Pakistan)
General subdivision History, Local.
9 (RLIN) 4592
651 #0 - SUBJECT ADDED ENTRY--GEOGRAPHIC NAME
Geographic name Balochistān (Pakistan)
General subdivision Geography.
9 (RLIN) 5705
880 1# - ALTERNATE GRAPHIC REPRESENTATION
Linkage 100-01/(3/r‏
Title ایم عثمان حسن
880 10 - ALTERNATE GRAPHIC REPRESENTATION
Linkage 245-02/(3/r‏
Title ‏بلوچستان اضلاع اور تاریخ
c تحقيق، کامران اعظم سوهدروى.
880 ## - ALTERNATE GRAPHIC REPRESENTATION
Linkage 260-03/(3/r‏
Title ‏لاهور :‏
b ‏تخليقات،‏
c ‏‪2009‬.
906 ## - LOCAL DATA ELEMENT F, LDF (RLIN)
a 7
b cbc
c origode
d 3
e ncip
f 20
g y-nonroman
942 ## - ADDED ENTRY ELEMENTS (KOHA)
Source of classification or shelving scheme
Koha item type Book
Holdings
Withdrawn status Lost status Source of classification or shelving scheme Damaged status Not for loan Collection code Permanent Location Current Location Shelving location Date acquired Total Checkouts Total Renewals Full call number Barcode Date last seen Date last checked out Copy number Price effective from Koha item type
            Central Library (CL) Central Library (CL) Book Cart 10/27/2017 2 1 954.15 HAS CL2734 02/16/2025 09/25/2024 1 10/27/2017 Book
© 2023 Central Library, National University of Sciences and Technology. All Rights Reserved.